000 00829cam a2200277 i 4500
001 4033191
003 EG-ScBUE
005 20260419115652.0
008 980326t1999 nyuab f b 001 0 eng d
020 _a0816036470 (alk. paper)
020 _a9780816036479
040 _aDLC
_beng
_erda
_cDLC
_dDLC
_dEG-ScBUE
082 0 4 _a551.46
_222
_bDAY
100 1 _aDay, Trevor,
_eauthor.
245 1 0 _aOceans /
_cTrevor Day.
264 1 _aNew York, NY :
_bFacts On File,
_c[1999]
264 4 _cc1999
300 _aviii, 216 pages :
_bcolor illustrations, color maps ;
_c28 cm
336 _2rdacontent
_atext
_btxt
337 _aunmediated
_2rdamedia
_bn
338 _avolume
_bnc
_2rdacarrier
504 _aIncludes bibliographical references and index.
650 7 _aOceanography.
_2BUEsh
655 _vReading book
942 _2ddc
_cBB
999 _c10380
_d10380